000 00857nas a2200289 4500
001 BR2015006234
003 BR-BrBNA
005 20231205125907.0
007 ta
008 230509b bl.|||p| |||| 00| 00por d
040 _aBR-BrBNA
_bpor
_cBiblioteca Nacional de Agricultura
041 _a(Pt)
072 _aL70
100 1 _aRangel, M.C.V.
100 1 _aSimão, M.
100 1 _aRossi Júnior, J.L.
100 1 _aMayorga, L.F.
245 1 _aProtocolo emergencial para descontaminação de Gavião-Carijó (Rupornis magnirostris)oleado
650 _aPETROLEO
650 _aOLEO
650 _aAVE SELVAGEM
650 _aPOLUICAO AMBIENTAL
650 _aSAUDE ANIMAL
773 0 _tRevista CFMV (Brazil)
_xISSN 1517-6959
_g(Sep-Dec 2014), v. 20(63) p. 73-76
_wBR2015006234
909 _a202311
_bLúcia
_c55
_dLúcia Elande
942 _2AGRIS
_n0
_cANA
999 _c246748
_d246748